| 000 | 01255nam2a22002531 4500 | ||
|---|---|---|---|
| 001 | RU\NLR\A1SV\88241 | ||
| 005 | 20251203152403.2 | ||
| 035 | _a(NLR Aleph) 009769617 | ||
| 090 |
_a13484396 _c13484396 |
||
| 100 | _a20080609d1929 u y0rusy50 ca | ||
| 101 | 0 |
_arus _cfre |
|
| 200 | 1 |
_aЖиронда и гора _fС предисл. Н.М.Лукина _gПер. с фр. С.Лосева |
|
| 210 |
_aМ. _aЛ. _cМоск. рабочий _d1929 |
||
| 215 | _a206 с. | ||
| 300 | _aНапеч. в Москве | ||
| 300 | _aНа доб. тит. л. авт. и загл. на фр. яз.: Albert Mathiez. La révolution francaise. Т.2. La gironde et la montagne | ||
| 461 | 1 |
_1001RU\NLR\A1SV\88239 _12000#$aФранцузская революция$fПроф. А.Матьез$vТ.2 _1700#1$aМатьез$bА.$f1874-1932$gАльбер _910050451 _aМатьез, А. (1874-1932) _cЛ. _d1925-1930 _fПроф. А.Матьез _nКнига _tФранцузская революция _vТ.2 |
|
| 702 | 1 |
_7ca _8rus _aЛукин _bН. М. _cисторик-марксист _f1885-1940 _gНиколай Михайлович _9229749 _3RU\NLR\AUTH\770229805 |
|
| 702 | 1 |
_aЛосев _bВ. |
|
| 801 | 0 |
_aRU _bNLR _c20080609 |
|
| 942 | _cBOOK | ||
| 980 | _aA1SV | ||
| 980 | _aNB | ||